Central Library OPAC University of Rajshahi

The portable Henry James / (Record no. 17713)

MARC details
000 -LEADER
fixed length control field 00821pam a2200277 i 4500
001 - CONTROL NUMBER
control field 17713
003 - CONTROL NUMBER IDENTIFIER
rucl marc code BD-RjUL
005 - DATE AND TIME OF LATEST TRANSACTION
control field 20211209000200.0
008 - FIXED-LENGTH DATA ELEMENTS--GENERAL INFORMATION
fixed length control field 140217t19751968nyu 000 0 eng
020 ## - INTERNATIONAL STANDARD BOOK NUMBER
International Standard Book Number 0140150552
035 ## - SYSTEM CONTROL NUMBER
System control number (BD-RjUL)17771
040 ## - CATALOGING SOURCE
Original cataloging agency DLC
Transcribing agency DLC
Modifying agency DLC
Language of cataloging eng
041 ## - LANGUAGE CODE
Language code of text/sound track or separate title eng
082 00 - DEWEY DECIMAL CLASSIFICATION NUMBER
Classification number 813.4
Author mark and year JAP 1975
100 1# - MAIN ENTRY--PERSONAL NAME
Personal name James, Henry,
Dates associated with a name 1843-1916.
9 (RLIN) 54593
245 14 - TITLE STATEMENT
Title The portable Henry James /
Statement of responsibility, etc. edited, and with an introd., by Morton Dauwen Zabel.
250 ## - EDITION STATEMENT
Edition statement Rev. in 1968 /
260 ## - PUBLICATION, DISTRIBUTION, ETC. (IMPRINT)
Place of publication, distribution, etc. New York :
Name of publisher, distributor, etc. Penguin Books,
Date of publication, distribution, etc. [1975] c1968.
300 ## - PHYSICAL DESCRIPTION
Pagination viii, 696 p. ;
Size 18 cm.
490 0# - SERIES STATEMENT
Series statement The Viking Portable library
504 ## - BIBLIOGRAPHY, ETC. NOTE
Bibliography, etc Bibliography: p. 682-696.
700 1# - ADDED ENTRY--PERSONAL NAME
Personal name Zabel, Morton Dauwen,
Dates associated with a name 1901-1964.
942 ## - ADDED ENTRY ELEMENTS (KOHA)
Source of classification or shelving scheme Dewey Decimal Classification
Koha item type Books
Holdings
Lost status Source of classification or shelving scheme Damaged status Not for loan Collection code Permanent Location Current Location Shelving location Date acquired Source of acquisition Cost, normal purchase price Total Checkouts Full call number Date last seen Copy number Koha item type
  Dewey Decimal Classification   Not For Loan Fiction Central Library, University of Rajshahi Central Library, University of Rajshahi Reading Room 10/01/1976 USIS 0.00   813.4 JAP 1975 17/02/2014 C-1 Books